000 00428nam a22001817a 4500
003 koha_MIRAKIL
005 20231213095501.0
008 231213b |||||||| |||| 00| 0 ||| d
020 _b978-9-75406564-0
040 _aTR-IsEVY
_btur
_cTR-IsEVY
082 _a900 KUN/O
100 _aKUNT, METİN.
245 0 _aOSMANLI DEVLETİ 1300-1600.
260 _bCem,
_c2011
300 _a416.
650 _aTarih.
942 _2ddc
_cBK
999 _c4385
_d4385